| 000 | 00958nas a2200337 4500 | ||
|---|---|---|---|
| 001 | BR0603330 | ||
| 003 | BR-BrBNA | ||
| 005 | 20231205110208.0 | ||
| 007 | ta | ||
| 008 | 230509b bl.|||p| |||| 00| 00por d | ||
| 040 |
_aBR-BrBNA _bpor _cBiblioteca Nacional de Agricultura |
||
| 041 | _a(Pt) | ||
| 072 | _aF62; H50 | ||
| 100 | 1 | _aTrezzi, M.M. | |
| 100 | 1 | _aVidal R.A. | |
| 100 | 1 | _aKrukse, N.D. | |
| 245 | 1 | _aFitotoxicidade de extratos hidrofóbicos e hidrofílicos de sorgo e milheto | |
| 650 | _aSORGO | ||
| 650 | _aMILHETO | ||
| 650 | _aALFACE | ||
| 650 | _aGERMINAÇÃO | ||
| 650 | _aEXTRATO VEGETAL | ||
| 650 | _aSISTEMA RADICULAR | ||
| 650 | _aRAÍZ | ||
| 650 | _aPARTE AÉREA | ||
| 650 | _aCRESCIMENTO | ||
| 650 | _aFITOTOXICIDADE | ||
| 773 | 0 |
_tRevista de Ciências Agroveterinárias (Brazil) _xISSN 1676-9732 _g(Jan-Jun 2005), v. 4(1) p. 25-34 _wBR0603330 |
|
| 909 |
_a202311 _bLúcia _c55 _dLúcia Elande |
||
| 942 |
_2AGRIS _n0 _cANA |
||
| 999 |
_c186476 _d186476 |
||